Incarnational humanism : a philosophy of culture for the church in the world /

Bibliographic Details
Main Author: Zimmermann, Jens, 1965-
Format: Book
Language:English
Published: Downers Grove, IL : IVP Academic, 2012.
Series:Strategic initiatives in evangelical theology.
Subjects:

MARC

Tag First Indicator Second Indicator Subfields
LEADER 00000cam a2200000 a 4500
001 in00002781665
005 20150922121500.0
008 120608s2012 ilu b 001 0 eng
010 |a  2012018671 
020 |a 9780830839032 (pbk. : alk. paper) 
020 |a 0830839038 (pbk. : alk. paper) 
035 |a (OCoLC)ocn778417063 
035 |a (OCoLC)778417063 
040 |a DLC  |b eng  |c DLC  |d YDX  |d BTCTA  |d BDX  |d YDXCP  |d OCLCO  |d BWX  |d CDX  |d UtOrBLW 
042 |a pcc 
049 |a TXAM 
050 0 0 |a BR128.H8  |b Z56 2012 
082 0 0 |a 261  |2 23 
100 1 |a Zimmermann, Jens,  |d 1965- 
245 1 0 |a Incarnational humanism :  |b a philosophy of culture for the church in the world /  |c Jens Zimmermann. 
264 1 |a Downers Grove, IL :  |b IVP Academic,  |c 2012. 
300 |a 356 pages ;  |c 23 cm. 
336 |a text  |b txt  |2 rdacontent 
337 |a unmediated  |b n  |2 rdamedia 
338 |a volume  |b nc  |2 rdacarrier 
490 1 |a Strategic initiatives in evangelical theology 
504 |a Includes bibliographical references (pages [326]-350) and index. 
650 0 |a Christianity and religious humanism. 
650 0 |a Theological anthropology  |x Christianity. 
650 0 |a Incarnation. 
650 0 |a Christianity and culture. 
830 0 |a Strategic initiatives in evangelical theology. 
938 |a Baker and Taylor  |b BTCP  |n BK0010825828 
938 |a Brodart  |b BROD  |n 102599009  |c $30.00 
938 |a YBP Library Services  |b YANK  |n 7636302 
938 |a Blackwell Book Service  |b BBUS  |n 7636302 
938 |a Coutts Information Services  |b COUT  |n 20607117 
947 |a A14835994304 
945 |a PromptCat  |b 38641 
946 |a stk 
994 |a 92  |b TXA 
948 |a Cataloged  |b h  |c 2012/10/3  |d c  |e EGrant 
999 |a MARS 
999 f f |s f6ddf132-60b6-3eee-a902-fadcc4d46ede  |i 1c4d88ec-defd-31d7-a38b-fbe11b20aeca  |t 0 
952 f f |p normal  |a Texas A&M University  |b College Station  |c Sterling C. Evans Library  |d Evans: Library Stacks  |t 0  |e BR128.H8 Z56 2012  |h Library of Congress classification  |i unmediated -- volume  |m A14835994304 
998 f f |a BR128.H8 Z56 2012  |t 0  |l Evans: Library Stacks